| 000 | 00557nmm a2200157Ia 4500 | ||
|---|---|---|---|
| 008 | 251105s9999||||xx |||||||||||||||||und|| | ||
| 020 | _a9789587384352 | ||
| 041 | _aspa | ||
| 100 | _aMuñoz Vélez, Hernán Alonso | ||
| 245 | 0 | _aLa biblioteca aldeana de Colombia y el ideario de la República liberal : Bibliotecas y cultura en Antioquia, 1934 - 1947 | |
| 264 |
_a[Bogotá, Colombia] : _bUniversidad del Rosario, _c2013 |
||
| 300 | _a177 páginas | ||
| 650 | _aCultural Studies | ||
| 856 | _uhttps://public.digitaliapublishing.com/a/46503 | ||
| 942 | _cCF | ||
| 999 |
_c95779 _d95779 |
||